000 00502nam a2200157 i 4500
001 44791
003 ES-MaACL
005 20230906161108.0
007 t|
008 030324s1947 sp ||||1| spa d
245 0 0 _aClínica de la tuberculosis humana /
_cpor Hans Alexander... [et al.].
260 _aBarcelona, etc. :
_bLabor,
_c[1947] (
_fTalleres Gráficos de la S.G. de P.S.A.)
300 _aXI, 584 p., 1 lám. :
_bil. ;
_c24 cm.
700 1 _aAlexander, Hans.
_919767
852 _aES-MaACL
_jC-4029
999 _c44791
_d44791